000 00355nam a2200145Ia 4500
005 20251222152031.0
008 251222s9999||||xx |||||||||||||| ||spa||
020 _a8400000000
082 _a868.36/Q37/1998
100 _aDe Quevedo, Francisco
245 0 _aLa Vida del Buscón
250 _a1ra. ed.
264 _bProyectos Ánfora, S.L.
942 _cLIB
999 _c25680
_d25680